| 000 -CABECERA |
| Longitud fija campo de control |
00699nam a2200229 a 4500 |
| 001 - NÚMERO DE CONTROL |
| Número de control |
4330 |
| 003 - IDENTIFICADOR DEL NÚMERO DE CONTROL |
| Identificador del número de control |
CDMR |
| 005 - FECHA Y HORA DE LA ÚLTIMA TRANSACCIÓN |
| Fecha y hora de la última transacción |
20131212095331.0 |
| 008 - CÓDIGOS DE INFORMACIÓN DE LONGITUD FIJA |
| Códigos de información de longitud fija |
130130s2000||||sp |||||||||||||||||spa|d |
| 020 ## - NÚMERO INTERNACIONAL NORMALIZADO PARA LIBROS |
| Número Internacional Normalizado para Libros (ISBN) |
8449309468 |
| 040 ## - FUENTE DE LA CATALOGACIÓN |
| Centro catalogador de origen |
CDMR |
| Lengua de catalogación |
cat |
| Centro transcriptor |
CDMR |
| 100 1# - PUNTO DE ACCESO PRINCIPAL-NOMBRE DE PERSONA |
| 9 (RLIN) |
3787 |
| Nombre de persona |
O'Donell, James |
| 245 10 - MENCIÓN DE TÍTULO |
| Título |
Avatares de la palabra |
| Resto del título |
: del papiro al ciberespacio |
| Mención de responsabilidad, etc. |
James O'Donell |
| 260 ## - PUBLICACIÓN, DISTRIBUCIÓN, ETC. (PIE DE IMPRENTA) |
| Lugar de publicación, distribución, etc. |
Barcelona |
| Nombre del editor, distribuidor, etc. |
Paidós |
| Fecha de publicación, distribución, etc. |
DL 2000 |
| 300 ## - DESCRIPCIÓN FÍSICA |
| Extensión |
199 p. |
| 490 0# - MENCIÓN DE SERIE |
| Mención de serie |
Paidós Comunicación |
| Designación de volumen o secuencia |
123 |
| 650 04 - PUNTO DE ACCESO ADICIONAL DE MATERIA - TÉRMINO DE MATERIA |
| 9 (RLIN) |
2716 |
| Término de materia o nombre geográfico como elemento inicial |
Comunicació i tecnologia |
| 650 04 - PUNTO DE ACCESO ADICIONAL DE MATERIA - TÉRMINO DE MATERIA |
| 9 (RLIN) |
4423 |
| Término de materia o nombre geográfico como elemento inicial |
Tecnologia i civilització |
| 650 04 - PUNTO DE ACCESO ADICIONAL DE MATERIA - TÉRMINO DE MATERIA |
| 9 (RLIN) |
3508 |
| Término de materia o nombre geográfico como elemento inicial |
Tecnologia de la informació |
| Subdivisión de materia general |
Aspectes socials |
| 650 04 - PUNTO DE ACCESO ADICIONAL DE MATERIA - TÉRMINO DE MATERIA |
| 9 (RLIN) |
637 |
| Término de materia o nombre geográfico como elemento inicial |
Comunicació |
| Subdivisión de materia general |
Ensenyament |
| 942 ## - ENTRADA DE ELEMENTOS AGREGADOS (KOHA) |
| Koha [por defecto] tipo de item |
Monografies |
| Fuente de clasificaión o esquema |
|